[Event "68th ch-RUS HL w 2018"]
[Site "Yaroslavl RUS"]
[Date "2018.07.02"]
[Round "6.13"]
[White "Goltseva, Ekaterina"]
[Black "Diakonova, Ekaterina"]
[Result "0-1"]
[WhiteTitle "WFM"]
[WhiteElo "2260"]
[BlackElo "2212"]
[WhiteFideId "24173770"]
[BlackFideId "24172936"]
[EventDate "2018.06.26"]

1. d4 Nf6 2. c4 b6 3. Nc3 Bb7 4. d5 e5 5. a3 a5 6. Nf3 d6 7. e4 g6 8. Be2 Bg7 9.
O-O O-O 10. Ne1 Nfd7 11. Qc2 f5 12. exf5 gxf5 13. f4 e4 14. Be3 Nf6 15. g3 Na6
16. Ng2 Qd7 17. Nb5 Nc5 18. Nd4 Ng4 19. Bxg4 fxg4 20. f5 c6 21. dxc6 Bxc6 22.
Qe2 Nd3 23. Nxc6 Qxc6 24. Qxg4 Ne5 25. Qh5 Nf3+ 26. Kh1 Qxc4 27. Nh4 Ne5 28.
Rad1 Nd3 29. Qg4 Ne5 30. Qg5 Nf7 31. Qf4 Ra7 32. f6 Ne5 33. Rxd6 Ng4 34. Bxb6
Raf7 35. Qc1 Qxc1 36. Rxc1 Bxf6 37. Rc2 e3 38. Re6 Bxh4 39. gxh4 Rg7 40. Kg2
Ne5+ 0-1

[Event "68th ch-RUS HL w 2018"]
[Site "Yaroslavl RUS"]
[Date "2018.07.02"]
[Round "6.14"]
[White "Afonasieva, Anna"]
[Black "Solozhenkina, Elizaveta"]
[Result "0-1"]
[WhiteTitle "WFM"]
[BlackTitle "WIM"]
[WhiteElo "2217"]
[BlackElo "2258"]
[WhiteFideId "24173606"]
[BlackFideId "34106615"]
[EventDate "2018.06.26"]

1. d4 Nf6 2. c4 g6 3. Nc3 d5 4. cxd5 Nxd5 5. e4 Nxc3 6. bxc3 Bg7 7. Bc4 c5 8.
Ne2 O-O 9. O-O Nc6 10. Be3 Bg4 11. f3 Bd7 12. Rb1 Qc7 13. Qc1 Rfc8 14. Bd3 Na5
15. d5 c4 16. Bc2 b5 17. h4 Nb7 18. h5 Nc5 19. h6 Bh8 20. Qd2 a5 21. Rfd1 b4 22.
Bd4 b3 23. axb3 cxb3 24. Bd3 a4 25. Bxh8 Kxh8 26. Kh1 a3 27. Bc4 a2 28. Ra1 Ra4
29. d6 Qxd6 30. Qb2 Qxd1+ 31. Rxd1 Rxc4 32. Qd2 f6 33. e5 Ra4 34. exf6 exf6 35.
Qd6 Rh4+ 36. Kg1 Rxh6 37. Qxf6+ Kg8 38. Qb6 Be6 39. Nd4 g5 40. Re1 Ra8 41. Ra1
Nd7 42. Qb4 Rb8 43. Nb5 Ne5 44. Rd1 Nc6 45. Qa3 Rxb5 46. Qb2 Rh4 47. c4 Rxc4 48.
Qf6 Re5 49. Kh2 b2 50. Rd8+ Nxd8 51. Qxe5 b1=Q 52. Qxg5+ Kf7 53. Qh5+ Qg6 0-1

[Event "68th ch-RUS HL w 2018"]
[Site "Yaroslavl RUS"]
[Date "2018.07.02"]
[Round "6.15"]
[White "Loskutova, Viktoriya"]
[Black "Semenova, Elena1"]
[Result "0-1"]
[BlackTitle "WIM"]
[WhiteElo "2096"]
[BlackElo "2238"]
[WhiteFideId "34166278"]
[BlackFideId "24125148"]
[EventDate "2018.06.26"]

1. e4 e5 2. Nf3 Nc6 3. d4 exd4 4. Nxd4 Nf6 5. Nxc6 bxc6 6. e5 Qe7 7. Qe2 Nd5 8.
c4 Nb6 9. Nc3 Qe6 10. Qe4 g6 11. Bd3 Bg7 12. O-O O-O 13. f4 Ba6 14. b3 d5 15.
cxd5 cxd5 16. Qe2 Bxd3 17. Qxd3 c5 18. Ba3 Rac8 19. Nb5 Rfd8 20. Rac1 Bf8 21. f5
Qxe5 22. Rce1 Qb8 23. fxg6 fxg6 24. Re6 Rd7 25. Qh3 Qb7 26. Ref6 Re8 27. Qf3 Qc8
28. h4 d4 29. h5 Nd5 30. Rf7 Ne3 31. hxg6 hxg6 32. Qf6 Rxf7 33. Qxf7+ Kh8 34.
Rf3 Ng4 35. Qxg6 Bh6 36. g3 Re6 37. Qh5 Re1+ 38. Kg2 Qe6 39. Qf7 Ne3+ 40. Kf2
Qxf7 0-1

[Event "68th ch-RUS HL w 2018"]
[Site "Yaroslavl RUS"]
[Date "2018.07.02"]
[Round "6.16"]
[White "Bulatova, Kamaliya"]
[Black "Getman, Tatyana"]
[Result "0-1"]
[WhiteTitle "WFM"]
[BlackTitle "WFM"]
[WhiteElo "2051"]
[BlackElo "2146"]
[WhiteFideId "34111546"]
[BlackFideId "34166146"]
[EventDate "2018.06.26"]

1. d4 d5 2. Bf4 Nf6 3. e3 c5 4. c3 Nc6 5. Nd2 Bf5 6. Qb3 Qd7 7. Ngf3 c4 8. Qd1
e6 9. Nh4 Bd6 10. Nxf5 exf5 11. Bg5 Ne4 12. Bh4 O-O 13. Be2 b5 14. O-O b4 15.
Nxe4 fxe4 16. Bg3 Rab8 17. Rb1 Rb6 18. b3 Bxg3 19. fxg3 bxc3 20. bxc4 Nb4 21.
Ra1 c2 22. Qd2 Qa4 23. c5 Rf6 24. Rfc1 Qa3 25. Bb5 Rd8 26. h4 a6 27. Bf1 Rb8 28.
Kh2 Rc6 29. Be2 Rf6 30. Bf1 g6 31. Kg1 h5 32. Be2 Kg7 33. Bf1 Rc8 34. Kh2 Rcc6
35. Be2 Rf2 36. Rf1 Rxf1 37. Rxf1 Rf6 38. Rc1 Qb2 39. a3 Qxa3 40. Rxc2 Nxc2 41.
Qxc2 Rc6 42. Qd2 a5 43. Bb5 Rc7 44. Qf2 Qb3 45. Qf4 Re7 46. Ba6 a4 47. c6 Qb6
48. Bb7 a3 49. Qd6 Rxb7 50. Qe5+ f6 51. Qxd5 Ra7 52. g4 Qc7+ 53. g3 a2 54. gxh5
a1=Q 0-1

[Event "68th ch-RUS HL w 2018"]
[Site "Yaroslavl RUS"]
[Date "2018.07.02"]
[Round "6.17"]
[White "Faizutdinova, Diana"]
[Black "Garifullina, Leya"]
[Result "0-1"]
[BlackTitle "WCM"]
[WhiteElo "2046"]
[BlackElo "2131"]
[WhiteFideId "24143731"]
[BlackFideId "34127035"]
[EventDate "2018.06.26"]

1. c4 e5 2. Nc3 Nf6 3. g3 Bb4 4. Nd5 Nxd5 5. cxd5 O-O 6. Bg2 c6 7. e4 cxd5 8.
exd5 d6 9. Ne2 f5 10. a3 Ba5 11. b4 Bb6 12. d4 f4 13. gxf4 exf4 14. Bxf4 Bg4 15.
f3 Bh5 16. O-O Bf7 17. Nc3 Qh4 18. Be3 Nd7 19. Bf2 Qh6 20. Qc1 Qg6 21. Qb1 Qh5
22. f4 Nf6 23. Qd1 Ng4 24. h3 Nxf2 25. Rxf2 Qh6 26. Qd2 Rac8 27. Re1 Rc4 28. Ne2
Qf6 29. Rd1 Rfc8 30. Kh1 Rc2 31. Qe3 Re8 32. Qd3 Ra2 33. Be4 Qh4 34. Rg2 Re7 35.
Rdg1 Be8 36. Rg4 Qh6 37. Nc1 Rb2 38. Bf5 Bxd4 39. Be6+ Kh8 40. R1g2 Rc7 41. Kh2
Rc3 42. Rxb2 Rxd3 43. Nxd3 Bxb2 44. Nxb2 Qf6 45. Rg2 Qxf4+ 46. Kg1 Bh5 47. Rf2
Qg3+ 48. Kf1 g5 49. Bf5 Qxa3 50. Nd3 Qa1+ 51. Kg2 Qd4 52. h4 Qxd5+ 53. Kg3 Bg6 0-1

[Event "68th ch-RUS HL w 2018"]
[Site "Yaroslavl RUS"]
[Date "2018.07.02"]
[Round "6.18"]
[White "Legenko, Ksenia"]
[Black "Lingur, Zalina"]
[Result "1/2-1/2"]
[WhiteTitle "WFM"]
[BlackTitle "WFM"]
[WhiteElo "2079"]
[BlackElo "2101"]
[WhiteFideId "4192265"]
[BlackFideId "34165670"]
[EventDate "2018.06.26"]

1. d4 Nf6 2. c4 c5 3. d5 e6 4. Nc3 exd5 5. cxd5 d6 6. g3 g6 7. Bg2 Bg7 8. Nf3
O-O 9. O-O Re8 10. Nd2 a6 11. a4 Nbd7 12. h3 Nh5 13. e4 Ne5 14. Kh2 f5 15. f4
Nd3 16. exf5 Bxf5 17. g4 Nhxf4 18. gxf5 Bxc3 19. Nc4 Qh4 20. Qg4 Qxg4 21. hxg4
Be5 22. Nxe5 dxe5 23. Be4 Rad8 24. Bxf4 Nxf4 25. Rac1 gxf5 26. gxf5 b6 27. a5
Rd6 28. Rc2 Kf7 29. Kg3 Rg8+ 30. Kf3 Rc8 31. Rh2 h5 32. Rc1 bxa5 33. Rhc2 h4 34.
Rxc5 Rxc5 35. Rxc5 Rb6 36. Rxa5 h3 37. Ra1 Rb3+ 38. Kg4 h2 39. Rb1 a5 40. d6 Rb4
41. Bc6 Rb8 42. Kg3 Rh8 43. Ra1 1/2-1/2

[Event "68th ch-RUS HL w 2018"]
[Site "Yaroslavl RUS"]
[Date "2018.07.02"]
[Round "6.19"]
[White "Baraeva, Marina"]
[Black "Ustich, Ekaterina"]
[Result "1-0"]
[WhiteTitle "WIM"]
[WhiteElo "2210"]
[BlackElo "2028"]
[WhiteFideId "24142573"]
[BlackFideId "24179221"]
[EventDate "2018.06.26"]

1. d4 Nf6 2. c4 e6 3. Nf3 b6 4. a3 Bb7 5. Nc3 Ne4 6. Nxe4 Bxe4 7. Bf4 Be7 8. e3
d6 9. Bd3 Bxd3 10. Qxd3 Nd7 11. O-O O-O 12. e4 c6 13. Rac1 Rc8 14. Rfd1 Re8 15.
e5 Nf8 16. Qe3 Ng6 17. Bg3 dxe5 18. dxe5 Qc7 19. h4 h6 20. h5 Nf8 21. Bf4 Red8
22. Nd2 Qd7 23. Ne4 Qxd1+ 24. Rxd1 Rxd1+ 25. Kh2 Rdd8 26. g4 Nh7 27. Nd6 Bxd6
28. exd6 Nf6 29. Kh3 Ne8 30. c5 bxc5 31. Qxc5 f6 32. Qxa7 Nxd6 33. Qe7 e5 34.
Be3 Nf7 35. Kg2 Rb8 36. b4 Ra8 37. Bb6 Rdc8 38. Qd7 Ng5 39. a4 Ne4 40. Qd3 Ng5
41. Qc4+ Kh8 42. a5 Nh7 43. Bc5 Ng5 44. a6 Rc7 45. Bb6 Rcc8 46. a7 e4 47. Qa6
Nf7 48. Bc5 Rc7 49. Qc4 Ng5 50. Bb6 Rcc8 51. Kg3 Kh7 52. Qd4 Kh8 53. Qd7 e3 54.
Bxe3 Ne4+ 55. Kf3 Nc3 56. Bf4 Nd5 57. Bb8 Rcxb8 58. axb8=Q+ Rxb8 59. Qxc6 Nxb4
60. Qd6 Rb5 61. Qd8+ Kh7 62. Qd4 f5 63. Kg3 Nc6 64. Qc4 Rb6 65. Qc5 Rb3+ 66. Kg2
Nb4 67. Qxf5+ Kh8 68. Qc8+ Kh7 69. Qc4 Rb2 70. Qc3 Rb1 71. Kf3 g6 72. Qc7+ Kg8
73. hxg6 Rb3+ 74. Kg2 1-0

[Event "68th ch-RUS HL w 2018"]
[Site "Yaroslavl RUS"]
[Date "2018.07.02"]
[Round "6.20"]
[White "Shafigullina, Zarina"]
[Black "Kochukova, Anna"]
[Result "1-0"]
[WhiteTitle "WFM"]
[BlackTitle "WFM"]
[WhiteElo "2191"]
[BlackElo "2170"]
[WhiteFideId "24174220"]
[BlackFideId "24173932"]
[EventDate "2018.06.26"]

1. d4 d5 2. Nf3 Nf6 3. g3 c6 4. Bg2 Bf5 5. O-O e6 6. c4 Nbd7 7. Nc3 dxc4 8. Nh4
Bg4 9. h3 Bh5 10. g4 Bg6 11. Nxg6 hxg6 12. e4 Qc7 13. Be3 e5 14. d5 Nc5 15. Qe2
Nd3 16. b3 Qa5 17. Qc2 Bb4 18. Ne2 cxd5 19. exd5 Bd6 20. Qxc4 Nb4 21. Nc3 O-O
22. Qb5 Qc7 23. Rac1 Qe7 24. Bg5 Rac8 25. a3 Na6 26. b4 Rc7 27. Ne4 Rfc8 28.
Nxd6 Qxd6 29. Rxc7 Rxc7 30. Be3 Rc3 31. Bxa7 Rxa3 32. Bc5 Qd7 33. Qxd7 Nxd7 34.
Be7 Rb3 35. Rc1 f5 36. Bf1 Nxb4 37. Bc4 Rb2 38. d6+ Kh7 39. Be6 Nd3 40. Rc7 N7c5
41. gxf5 Nxe6 42. fxe6 Nf4 43. d7 Nxe6 44. d8=Q Nxd8 45. Bxd8 Kh6 46. h4 b5 47.
Kg2 e4 48. Bg5+ Kh5 49. Kg3 Rb1 50. Rxg7 Rg1+ 51. Kf4 Rg4+ 52. Ke3 Rg1 53. Kxe4
Kg4 54. f3+ Kg3 55. Rxg6 Re1+ 56. Be3+ Kxh4 57. Rg1 Re2 58. Rb1 Ra2 59. Rxb5
Ra4+ 60. Bd4 Kg3 61. f4 Kg4 62. Rg5+ Kh4 63. Rg1 Kh5 64. f5 1-0

[Event "68th ch-RUS HL w 2018"]
[Site "Yaroslavl RUS"]
[Date "2018.07.02"]
[Round "6.21"]
[White "Yakushina, Ekaterina"]
[Black "Bocharova, Ulyana"]
[Result "1/2-1/2"]
[WhiteElo "1886"]
[BlackElo "1874"]
[WhiteFideId "34166014"]
[BlackFideId "24174513"]
[EventDate "2018.06.26"]

1. d4 d5 2. Nf3 Nf6 3. c4 c6 4. g3 g6 5. Bg2 Bg7 6. O-O O-O 7. Nc3 dxc4 8. a4
Nbd7 9. Qc2 Nd5 10. Ne4 e5 11. dxe5 Nxe5 12. Nxe5 Bxe5 13. Qxc4 Be6 14. Ng5 Qf6
15. Nxe6 Qxe6 16. e4 Nf4 17. Qxe6 Nxe6 18. Be3 b6 19. Rab1 Rad8 20. Rfc1 c5 21.
b4 Bd4 22. Bxd4 Rxd4 23. bxc5 Nxc5 24. a5 Nxe4 25. axb6 axb6 26. Rxb6 Rfd8 27.
Bxe4 Rxe4 28. Rbc6 Rd2 29. R6c2 Ree2 30. Rxd2 Rxd2 31. Kf1 Kg7 32. Re1 Kf6 33.
Re2 Rd1+ 34. Kg2 Rd3 35. Ra2 Rb3 36. Ra6+ Kg7 37. Ra7 Kf6 38. Ra6+ Ke7 39. Ra7+
Ke6 40. Ra6+ Ke7 41. Ra8 1/2-1/2

[Event "68th ch-RUS HL w 2018"]
[Site "Yaroslavl RUS"]
[Date "2018.07.02"]
[Round "6.22"]
[White "Dimitrova, Aleksandra"]
[Black "Sukhareva, Evgeniya"]
[Result "0-1"]
[WhiteTitle "WIM"]
[WhiteElo "2220"]
[BlackElo "2234"]
[WhiteFideId "24173371"]
[BlackFideId "4167155"]
[EventDate "2018.06.26"]

1. e4 c5 2. Nf3 e6 3. d4 cxd4 4. Nxd4 a6 5. Bd3 Qc7 6. O-O b6 7. Qe2 d6 8. c4
Nf6 9. Nc3 Be7 10. f4 Bb7 11. f5 Nc6 12. Be3 Qd7 13. Nxc6 Qxc6 14. Bd4 O-O 15.
fxe6 fxe6 16. e5 dxe5 17. Bxe5 Rad8 18. Rad1 Rd7 19. Bc2 Rfd8 20. Rxd7 Rxd7 21.
Kh1 Qxg2+ 22. Qxg2 Bxg2+ 23. Kxg2 Rd2+ 24. Kf3 Rxc2 25. Rd1 Kf7 26. b3 Bc5 27.
Rd8 Kg6 28. Na4 Rf2+ 29. Kg3 Ne4+ 30. Kh3 Ng5+ 31. Kg3 Ne4+ 32. Kh3 Rxa2 33.
Nxc5 bxc5 34. Kg4 Rf2 35. Ra8 h5+ 36. Kh4 Kf5 37. Bc7 Nf6 38. Rxa6 Rf3 39. Bg3
g5+ 0-1

[Event "68th ch-RUS HL w 2018"]
[Site "Yaroslavl RUS"]
[Date "2018.07.02"]
[Round "6.23"]
[White "Alekseeva, Irina"]
[Black "Mokshanova, Elizaveta"]
[Result "1/2-1/2"]
[BlackTitle "WFM"]
[WhiteElo "2065"]
[BlackElo "2046"]
[WhiteFideId "24178683"]
[BlackFideId "24160679"]
[EventDate "2018.06.26"]

1. e4 c5 2. Nf3 e6 3. d4 cxd4 4. Nxd4 Nc6 5. Nc3 Qc7 6. Be3 a6 7. Bd3 Nf6 8. O-O
d6 9. a4 Be7 10. f4 Nxd4 11. Bxd4 e5 12. Be3 exf4 13. Rxf4 Be6 14. Qf3 Nd7 15.
Nd5 Bxd5 16. exd5 Ne5 17. Qg3 O-O 18. Bd4 g6 19. Raf1 Qa5 20. b3 Bd8 21. Kh1
Nxd3 22. Qxd3 Qxd5 23. c4 Qa5 24. Bc3 Qb6 25. Qd5 Qc7 26. h4 Qe7 27. Re4 Qd7 28.
h5 Rc8 29. hxg6 hxg6 30. b4 Qc6 31. Qd4 f6 32. Rg4 Kg7 33. Qd3 Qe8 34. Rh4 Rh8
35. Rxh8 Qxh8+ 36. Kg1 Qf8 37. Rf4 Qf7 38. Rh4 Bb6+ 39. c5 dxc5 40. Qh3 cxb4+
41. Kh1 Qd5 42. Rh7+ Kg8 43. Rh8+ Kf7 44. Qxc8 Qd1+ 45. Kh2 Bg1+ 46. Kh3 Qd3+
47. g3 Qf1+ 48. Kh4 g5+ 49. Kg4 Qe2+ 50. Kh3 Qf1+ 1/2-1/2

[Event "68th ch-RUS HL w 2018"]
[Site "Yaroslavl RUS"]
[Date "2018.07.03"]
[Round "7.1"]
[White "Vasilevich, Tatjana"]
[Black "Gritsayeva, Oksana"]
[Result "0-1"]
[WhiteTitle "IM"]
[BlackTitle "WFM"]
[WhiteElo "2360"]
[BlackElo "2355"]
[WhiteFideId "14101610"]
[BlackFideId "14104652"]
[EventDate "2018.06.26"]

1. Nf3 c5 2. c4 Nc6 3. Nc3 g6 4. d4 cxd4 5. Nxd4 Bg7 6. Nc2 Bxc3+ 7. bxc3 Qa5 8.
Bd2 d6 9. e4 Nf6 10. f3 Qa4 11. Qb1 O-O 12. Nd4 Bd7 13. Qb3 Na5 14. Qxa4 Bxa4
15. Rb1 Rfc8 16. Rb4 Be8 17. Bg5 Rc7 18. Bxf6 exf6 19. Nc2 Bd7 20. Ne3 Be6 21.
Be2 Rac8 22. Kf2 b6 23. Rd1 Nxc4 24. Bxc4 Bxc4 25. a4 Be6 26. Rxd6 Rxc3 27. f4
Rb3 28. Rxb3 Bxb3 29. Rd4 Rc5 30. Rb4 Be6 31. Ke2 Ra5 32. Nd1 Bg4+ 33. Kd2 Bxd1
34. Kxd1 Rh5 35. h3 Kf8 36. Kd2 Ke7 37. Rd4 Rc5 38. h4 Rc7 39. Rb4 Kd6 40. Rd4+
Ke6 41. Rb4 f5 42. e5 Kd5 43. Kd3 Rc1 44. Rb5+ Kc6 45. Rb4 Rh1 46. Rc4+ Kb7 47.
Ke3 Re1+ 48. Kf3 Rd1 49. Ke3 h5 50. Ke2 Rd7 51. Ke3 a6 52. Rb4 Rd5 53. Rb1 Kc6
54. Rc1+ Rc5 55. Rd1 Rc3+ 56. Kd4 Rc2 57. g3 Ra2 58. Rc1+ Kd7 59. Rc4 Ra3 60.
Rb4 Kc6 61. Rc4+ Kb7 62. Rc1 Rxg3 63. Rd1 Rf3 64. a5 Rxf4+ 65. Kd5 Rxh4 66. Kd6
Rc4 67. Ke7 Rc7+ 68. Kf6 bxa5 69. Rb1+ Ka7 70. Ra1 Rd7 71. Rxa5 Kb6 72. Ra1 Ra7
73. Rb1+ Kc5 74. Rc1+ Kd4 75. Rd1+ Ke3 76. Rd8 a5 77. Rf8 Ke4 78. Re8 a4 79. e6
fxe6 80. Rxe6+ Kd4 0-1

[Event "68th ch-RUS HL w 2018"]
[Site "Yaroslavl RUS"]
[Date "2018.07.03"]
[Round "7.2"]
[White "Protopopova, Anastasiya"]
[Black "Tomilova, Elena"]
[Result "1-0"]
[WhiteTitle "WFM"]
[BlackTitle "WIM"]
[WhiteElo "2262"]
[BlackElo "2334"]
[WhiteFideId "24172073"]
[BlackFideId "4162340"]
[EventDate "2018.06.26"]

1. Nf3 d5 2. c4 d4 3. g3 Nc6 4. d3 e5 5. Bg2 Bb4+ 6. Bd2 a5 7. O-O Nf6 8. e3 O-O
9. Bxb4 axb4 10. exd4 exd4 11. Nbd2 Bf5 12. Nb3 h6 13. Qd2 Re8 14. Rfd1 Qd6 15.
h3 Bh7 16. Ne1 Nd7 17. Nc2 Ra4 18. a3 bxa3 19. Rxa3 Rxa3 20. Nxa3 Nde5 21. Nb5
Qe7 22. Nc1 Bg6 23. f4 Nd7 24. Nxc7 Rc8 25. Nd5 Qd8 26. b4 h5 27. Re1 Nf6 28. b5
Nxd5 29. bxc6 Ne3 30. cxb7 Rb8 31. Rxe3 dxe3 32. Qxe3 Qa5 33. c5 Qa7 34. d4 f6
35. c6 Re8 36. Qxe8+ Bxe8 37. c7 Qxd4+ 38. Kh2 h4 39. c8=Q hxg3+ 40. Kxg3 Qe3+
41. Kh2 Qxf4+ 42. Kh1 1-0

[Event "68th ch-RUS HL w 2018"]
[Site "Yaroslavl RUS"]
[Date "2018.07.03"]
[Round "7.3"]
[White "Galliamova, Alisa"]
[Black "Kovalevskaya, Ekaterina"]
[Result "1/2-1/2"]
[WhiteTitle "IM"]
[BlackTitle "IM"]
[WhiteElo "2422"]
[BlackElo "2402"]
[WhiteFideId "4129725"]
[BlackFideId "4116704"]
[EventDate "2018.06.26"]

1. e4 c5 2. Nf3 Nc6 3. Bb5 g6 4. Bxc6 dxc6 5. h3 Bg7 6. O-O Nf6 7. Re1 O-O 8.
Nc3 Ne8 9. e5 Nc7 10. d3 Ne6 11. b3 f6 12. exf6 exf6 13. Bb2 f5 14. a3 g5 15.
Nh2 Nd4 16. Rb1 g4 17. hxg4 fxg4 18. Ne4 Qh4 19. c3 Nf3+ 20. gxf3 gxf3 21. Re3
Bg4 22. Ng3 Rae8 23. Rxe8 Rxe8 24. Nxg4 Qxg4 25. Qf1 Re2 26. Re1 Rxb2 27. Re4
Qd7 28. d4 b5 29. Rh4 Qe7 30. Rg4 Qe6 31. Re4 Qg6 32. Qe1 Re2 33. Rxe2 fxe2 34.
dxc5 Be5 35. Qxe2 Bxg3 36. fxg3 Qxg3+ 37. Kh1 Qh3+ 38. Kg1 Qg3+ 39. Kh1 Qh4+ 40.
Kg2 Qg5+ 41. Kh2 Kg7 42. b4 Qf4+ 43. Kg2 Kf6 44. Qd1 Qe4+ 45. Kf2 Qf4+ 46. Kg2
Qe4+ 1/2-1/2

[Event "68th ch-RUS HL w 2018"]
[Site "Yaroslavl RUS"]
[Date "2018.07.03"]
[Round "7.4"]
[White "Ovod, Evgenija"]
[Black "Shuvalova, Polina"]
[Result "1/2-1/2"]
[WhiteTitle "IM"]
[BlackTitle "WIM"]
[WhiteElo "2360"]
[BlackElo "2418"]
[WhiteFideId "4131827"]
[BlackFideId "24171760"]
[EventDate "2018.06.26"]

1. e4 c5 2. Nf3 d6 3. d4 cxd4 4. Nxd4 Nf6 5. f3 e5 6. Nb3 Be6 7. c4 Be7 8. Nc3
O-O 9. Be3 Nc6 10. Be2 Rc8 11. O-O Nh5 12. Qd2 Nf4 13. Nd5 Nxe2+ 14. Qxe2 Bg5
15. Bf2 f5 16. Rad1 fxe4 17. fxe4 b6 18. Na1 Qe8 19. Nc2 h5 20. Qd3 Qg6 21. Kh1
Rf7 22. Bg1 Rcf8 23. Rxf7 Rxf7 24. Nc3 h4 25. h3 Be7 26. b3 Bf8 27. Qe2 Rf6 28.
Rd3 Qg5 29. Be3 Qg6 30. Bf2 Qg5 31. Be3 Qg6 32. Bf2 Qg5 33. Be3 Qg6 1/2-1/2

[Event "68th ch-RUS HL w 2018"]
[Site "Yaroslavl RUS"]
[Date "2018.07.03"]
[Round "7.5"]
[White "Nechaeva, Marina"]
[Black "Schepetkova, Margarita"]
[Result "1-0"]
[WhiteTitle "IM"]
[BlackTitle "WIM"]
[WhiteElo "2410"]
[BlackElo "2244"]
[WhiteFideId "4149351"]
[BlackFideId "4189949"]
[EventDate "2018.06.26"]

1. d4 d5 2. c4 c6 3. Nf3 Nf6 4. e3 Bg4 5. Nc3 e6 6. h3 Bh5 7. g4 Bg6 8. Ne5 Nbd7
9. Nxg6 hxg6 10. Bd2 g5 11. Qf3 Be7 12. Bd3 g6 13. O-O-O Rc8 14. Kb1 Kf8 15. e4
c5 16. e5 cxd4 17. exf6 Bxf6 18. Nxd5 exd5 19. Qxd5 Nc5 20. Qxd8+ Rxd8 21. Kc2
Ne6 22. Be4 Kg7 23. b4 b6 24. Bc1 Be5 25. Rd3 Nf4 26. Ra3 Rc8 27. Bxf4 gxf4 28.
Kd3 Rc7 29. h4 Bf6 30. h5 Be5 31. Rg1 Kf8 32. Bf3 Kg7 33. Ra6 Rhc8 34. Bd5 Rd8
35. Bf3 Rdc8 36. Rc1 Kh6 37. a4 Kg5 38. a5 Rb8 39. axb6 Rxb6 40. Ra5 f6 41. Rb1
Rb8 42. b5 Rbc8 43. Rc1 Rb8 44. Rca1 Rbc8 45. R1a4 Rc5 46. Rxa7 Bc7 47. R7a6 Re8
48. b6 Bb8 49. R4a5 Rce5 50. b7 Rxa5 51. Rxa5+ f5 52. hxg6 Rh8 53. gxf5 Rh3 54.
g7 1-0

[Event "68th ch-RUS HL w 2018"]
[Site "Yaroslavl RUS"]
[Date "2018.07.03"]
[Round "7.6"]
[White "Charochkina, Daria"]
[Black "Kovanova, Baira"]
[Result "1-0"]
[WhiteTitle "IM"]
[BlackTitle "WGM"]
[WhiteElo "2343"]
[BlackElo "2369"]
[WhiteFideId "4180917"]
[BlackFideId "4164083"]
[EventDate "2018.06.26"]

1. c4 e5 2. Nc3 Nf6 3. g3 Bc5 4. Bg2 O-O 5. a3 a5 6. e3 Nc6 7. Nge2 d6 8. d4
exd4 9. exd4 Ba7 10. h3 h6 11. O-O Bf5 12. Be3 Qd7 13. Kh2 Rfe8 14. Rc1 Bh7 15.
Qb3 Ne4 16. Nd5 Rab8 17. Rfe1 Ne7 18. Nxe7+ Rxe7 19. Nf4 c6 20. d5 c5 21. f3 Nf6
22. Bd2 Rxe1 23. Rxe1 b5 24. Bc3 a4 25. Qd1 bxc4 26. Bf1 Qb5 27. Re7 Bb6 28. Qe1
Bd3 29. Bxd3 cxd3 30. Rxf7 Re8 31. Re7 Bd8 32. Qe6+ Kh7 1-0

[Event "68th ch-RUS HL w 2018"]
[Site "Yaroslavl RUS"]
[Date "2018.07.03"]
[Round "7.7"]
[White "Yakimenko, Viktoria"]
[Black "Dordzhieva, Dinara"]
[Result "0-1"]
[WhiteTitle "WFM"]
[BlackTitle "WIM"]
[WhiteElo "2078"]
[BlackElo "2274"]
[WhiteFideId "24174998"]
[BlackFideId "24157570"]
[EventDate "2018.06.26"]

1. e4 c5 2. Nf3 d6 3. d4 Nf6 4. Nc3 cxd4 5. Nxd4 a6 6. Be2 e5 7. Nb3 Be7 8. Bg5
Be6 9. Bxf6 Bxf6 10. g3 Bg5 11. h4 Bh6 12. Qd3 Nc6 13. Nd5 Rc8 14. c3 O-O 15.
Rd1 f5 16. Bf3 Kh8 17. Qe2 Ne7 18. exf5 Nxf5 19. Bg4 Qd7 20. Rg1 Qf7 21. Bxf5
Bxf5 22. g4 Be4 23. Nf6 Qxf6 24. g5 Bxg5 25. hxg5 Qg6 26. Rg3 Rf7 27. f3 Bb1 28.
Qd2 Bc2 29. Rc1 Bd3 30. Rd1 e4 31. Nc1 Qh5 32. Qf2 Re8 33. f4 Rff8 34. Kd2 Bb5
35. Re1 Qf7 36. Ke3 Qd5 37. Qh2 Qc5+ 38. Kd2 Rxf4 39. Ne2 Rf2 40. Qh5 g6 41. Qg4
Qd5+ 42. Kc2 Bd3+ 43. Kc1 Bxe2 44. Qh4 Qxa2 45. Rh3 Qa1+ 46. Kd2 Qxb2+ 47. Ke3
Rf3+ 48. Rxf3 exf3+ 49. Kf2 Bb5+ 50. Kxf3 Qxc3+ 0-1

[Event "68th ch-RUS HL w 2018"]
[Site "Yaroslavl RUS"]
[Date "2018.07.03"]
[Round "7.8"]
[White "Savina, Anastasia"]
[Black "Bodnaruk, Anastasia"]
[Result "0-1"]
[WhiteTitle "IM"]
[BlackTitle "IM"]
[WhiteElo "2343"]
[BlackElo "2451"]
[WhiteFideId "4196872"]
[BlackFideId "4181751"]
[EventDate "2018.06.26"]

1. d4 Nf6 2. c4 g6 3. Nc3 Bg7 4. e4 d6 5. h3 O-O 6. Be3 e5 7. d5 Na6 8. g4 Nc5
9. f3 c6 10. Nge2 cxd5 11. cxd5 Ne8 12. h4 b5 13. b4 Na6 14. Ng3 Nxb4 15. Rb1 a5
16. a3 Na6 17. Nxb5 f5 18. gxf5 gxf5 19. Nxf5 Bxf5 20. exf5 Rxf5 21. h5 Qf6 22.
h6 Rxf3 23. Rb3 Rxf1+ 24. Rxf1 Qh4+ 25. Rf2 Bf6 26. Qf3 Rb8 27. Qg2+ Kh8 28. Bg5
Bxg5 29. Rh3 Rxb5 30. Rxh4 Bxh4 31. Qe4 Bxf2+ 32. Kxf2 Nac7 33. Qf5 Kg8 34. Qg5+
Kf7 35. Qh5+ Kf6 36. Kf3 Rxd5 37. Qh4+ Kg6 38. Qg4+ Kxh6 39. Qh4+ Kg6 40. Qg4+
Kf6 41. Qh4+ Ke6 42. Qh3+ Ke7 43. Qxh7+ Kd8 44. a4 Rd4 45. Qc2 Kd7 46. Ke2 Nf6
47. Qf5+ Ke7 48. Qc2 Ncd5 49. Ke1 Ne4 50. Qc8 Ndc3 51. Qc7+ Kf6 52. Qd8+ Kf5 53.
Qf8+ Kg4 54. Qg7+ Ng5 55. Kf2 Rxa4 56. Qc7 Nge4+ 57. Kg1 Ra1+ 58. Kg2 Ra2+ 59.
Kh1 Ng3+ 60. Kg1 Nce2+ 61. Kf2 Nd4+ 62. Ke3 Ra3+ 63. Kf2 Ne4+ 64. Kf1 Ra1+ 65.
Kg2 Ra2+ 66. Kf1 Nd2+ 67. Ke1 N2f3+ 68. Kf1 Ra1+ 69. Kf2 Ng5 70. Qb7 Ra2+ 71.
Kf1 Nf5 72. Qb3 Rh2 73. Qc4+ e4 74. Qc3 Ng3+ 75. Ke1 Nf3+ 76. Kd1 Rd2+ 0-1

[Event "68th ch-RUS HL w 2018"]
[Site "Yaroslavl RUS"]
[Date "2018.07.03"]
[Round "7.9"]
[White "Solozhenkina, Elizaveta"]
[Black "Balaian, Alina"]
[Result "1/2-1/2"]
[WhiteTitle "WIM"]
[BlackTitle "WIM"]
[WhiteElo "2258"]
[BlackElo "2221"]
[WhiteFideId "34106615"]
[BlackFideId "24115347"]
[EventDate "2018.06.26"]

1. e4 e6 2. d4 d5 3. Nc3 Bb4 4. e5 c5 5. a3 Bxc3+ 6. bxc3 Qa5 7. Bd2 Qa4 8. Qg4
g6 9. Nf3 Nc6 10. Be2 Qxc2 11. dxc5 h6 12. Rc1 Qe4 13. Qxe4 dxe4 14. Nd4 Nxe5
15. Nb5 Ke7 16. Bf4 f6 17. Bxe5 fxe5 18. Nd6 Nf6 19. Rb1 b6 20. Nc4 bxc5 21.
Nxe5 Rg8 22. O-O Nd7 23. Nc6+ Kd6 24. Na5 Nb6 25. Bb5 Kc7 26. Rfe1 Nd5 27. Bc6
Rb8 28. Rbc1 Ba6 29. c4 Nf6 30. Bxe4 Nxe4 31. Rxe4 Rb6 32. Re5 Kd6 33. Rce1 Bc8
34. f4 g5 35. Rd1+ Ke7 36. Rxc5 gxf4 37. Nc6+ Kf6 38. Rf1 e5 39. Nxe5 Rb2 40.
Rxf4+ Ke6 41. Rg4 Rxg4 42. Nxg4 Bb7 43. g3 Bf3 44. Nxh6 Rg2+ 45. Kf1 Rxh2 46.
Nf5 Be4 47. Nd4+ Kd6 48. Ra5 Rb2 49. Ke1 a6 50. g4 Rg2 51. g5 Rh2 52. Rxa6+ Ke5
53. Nb3 Kf4 54. Nd2 Rh1+ 55. Ke2 Rh2+ 56. Kd1 Rh1+ 57. Ke2 Rh2+ 58. Ke1 Rh1+ 59.
Nf1 Bd3 60. Rf6+ Kxg5 61. Rf3 Bxc4 62. a4 Bxf1 63. Rxf1 Rh4 64. a5 1/2-1/2